[Event "Aimchess US Rapid Prelims 2021"]
[Site "Chess24"]
[Date "2021.08.25"]
[Round "4.3"]
[White "Firouzja, Alireza"]
[Black "Carlsen, Magnus"]
[Result "1-0"]
[WhiteElo "2759"]
[BlackElo "2847"]
[Annotator "TA"]
[PlyCount "69"]
[EventDate "2021.08.28"]
[EventType "tourn"]
[EventCountry "NET"]
[Tiebreak "Direct encounter+Number of wins+Koya"]
[SourceTitle "playchess.com"]
[Source "ChessBase"]
[SourceQuality "1"]

{[%evp 19,68,47,51,47,51,36,50,50,50,51,51,55,47,21,36,-56,-20,-64,-53,-70,-15,
-76,-78,-64,-66,-93,-78,-100,-90,-105,-61,-59,13,53,105,73,46,54,128,94,147,41,
48,64,145,144,533,521,430,422,29999]} 1. e4 d5 2. exd5 Qxd5 3. Nc3 Qa5 4. d4
Nf6 5. Nf3 Bf5 6. Ne5 c6 7. Bc4 e6 8. g4 Bg6 9. h4 Nbd7 10. Nxd7 Nxd7 11. h5 $1
{[%cal Rh5g6] B01: Scandinavian Defence.} Be4 {[%cal Re4h1]} 12. O-O Bd5 13.
Nxd5 {White is slightly better.} cxd5 14. Bd3 Bd6 15. Qf3 O-O-O {[#]} 16. Be3
$146 ({Predecessor:} 16. c3 Rde8 17. Kg2 g6 18. Bg5 h6 19. Bh4 Rhf8 20. a4 gxh5
{1/2-1/2 (21) Ballow,J (2416)-Biedermann,T (2409) ICCF email 2016}) 16... g6
17. h6 (17. Qxf7 Rdf8 $17) (17. b4 $14 Qc7 18. Qxf7) 17... Rhf8 18. a3 f5 19.
c4 e5 (19... dxc4 $15 20. Bxc4 f4) 20. b4 (20. cxd5 $2 e4 $19) (20. Qxd5 $11 {
keeps the balance.} Qxd5 21. cxd5) 20... Qc7 $1 $17 21. c5 Be7 {Threatens to
win with ...e4.} 22. Bb5 (22. gxf5 e4 $17) 22... e4 23. Qh3 f4 24. Bd2 Bg5 25.
c6 {aiming for Rac1.} Nf6 (25... Nb6 $1 $15) 26. cxb7+ $11 Qxb7 {[#]} (26...
Kxb7 $14 27. Rfc1 Qb6 28. Bc6+ Kb8) 27. Rac1+ $1 $16 {[%cal Ba1c1,Bc1c5,Bc5c7]
[%mdl 32]} Kb8 28. Bc6 $36 {[%mdl 2048] White is pushing.} Qe7 (28... Qc7 $14)
29. Rc5 {And now Rb5+ would win.} e3 {[#] White should prevent ...a6.} 30. fxe3
(30. Rb5+ $1 $16 Kc8 31. Bb7+ Kd7 32. Bxd5) 30... fxe3 $14 31. Be1 Ne4 ({
Black should try} 31... Rd6 $14) 32. Qh2+ $16 Kc8 $2 {[%mdl 8192] [#]} ({
Don't blunder} 32... Qc7 $2 33. Rb5+ Kc8 34. Bb7+ Qxb7 35. Rxb7 $18) (32... Nd6
$16 {is tougher.} 33. Bg3 (33. Bxd5 e2 $11) (33. Rxf8 Rxf8 34. Rxd5 Bf4 $14)
33... Rf2 34. Bxf2 exf2+ 35. Kh1 (35. Qxf2 $2 Be3 $19) (35. Kxf2 Rf8+ 36. Kg1
Qe3+ {[%mdl 64] Double Attack} 37. Qf2 Rxf2 38. Rxf2 Ne4 {[%mdl 64] Pin} 39.
Rb5+ Kc7 40. Rb7+ Kxc6 41. Rbf7 Nxf2 42. Kg2 Nxg4 43. Kf1 Qd3+ 44. Kg2 Qe2+ 45.
Kg1 Be3+ {[%mdl 64] Double Attack} 46. Rf2 Qxf2+ 47. Kh1 Qh2#) (35. Rxf2 Qe1+
36. Kg2 Qe4+ 37. Kh3 Qe3+ 38. Kg2 Qe4+ 39. Kh3 Qe3+ 40. Kg2 Qe4+ $16) 35... Qe2
36. Qxf2 Qxg4) 33. Bd7+ $1 $18 {[%mdl 576] Decoy} Kxd7 34. Rc7+ {[%mdl 64]
Double Attack, Skewer} Ke6 (34... Ke8 $18 35. Rxe7+ Bxe7) 35. Qe5# {Weighted
Error Value: White=0.18/Black=0.57} 1-0

[Event "Aimchess US Rapid Prelims 2021"]
[Site "Chess24"]
[Date "2021.08.25"]
[Round "4.4"]
[White "Naroditsky, Daniel"]
[Black "Van Foreest, Jorden"]
[Result "1-0"]
[WhiteElo "2623"]
[BlackElo "2698"]
[Annotator "TA"]
[PlyCount "139"]
[EventDate "2021.08.28"]
[EventType "tourn"]
[EventCountry "NET"]
[Tiebreak "Direct encounter+Number of wins+Koya"]
[SourceTitle "playchess.com"]
[Source "ChessBase"]
[SourceQuality "1"]

{[%evp 22,139,7,0,64,10,16,12,14,19,21,14,5,9,14,-16,-14,-21,163,163,163,169,
155,171,163,161,156,160,160,138,133,131,140,141,173,163,181,190,217,210,214,
162,150,109,115,125,166,120,150,73,100,74,74,56,60,56,175,125,178,166,158,95,
87,77,80,93,141,0,0,0,0,0,0,0,0,0,0,0,0,0,0,0,0,0,0,0,0,0,0,0,0,0,0,0,12848,0,
0,0,0,0,0,0,0,0,0,0,0,0,12843,12843,12844,12843,12844,12844,27999,27997,27998,
27998,27999,27999]} 1. Nf3 d5 2. e3 Nf6 3. c4 e6 4. Nc3 c5 5. cxd5 exd5 6. d4
Nc6 7. Be2 Bd6 8. dxc5 Bxc5 9. O-O O-O 10. b3 a6 11. Bb2 Ba7 12. Rc1 Bg4 {
D32: Tarrasch Defence: Sidelines and lines without g3.} (12... Re8 $11) 13. Nd4
(13. h3 $14 Bh5 14. Nh4) 13... Bxd4 $11 14. Bxg4 Be5 {The position is equal.}
15. Bf3 Qd6 16. g3 Rad8 17. Bg2 {[#]} d4 $146 ({Predecessor:} 17... Rfe8 18.
Re1 h6 19. Qf3 d4 20. exd4 Bxd4 21. Rxe8+ Rxe8 22. Rd1 Qe5 23. Bf1 h5 {1/2-1/2
(85) Rozum,I (2568)-Oparin,G (2624) Sochi 2019}) 18. Ne4 Nxe4 19. Bxe4 Qh6 (
19... Qe7 $11 20. Bxc6 dxe3 {[%mdl 64] Discovered Attack}) 20. Qf3 $18 Rd6 21.
Bxc6 bxc6 22. exd4 Bxd4 23. Bxd4 Rxd4 24. Rxc6 Rd6 25. Rxd6 Qxd6 $16 {[%mdl
4096] Endgame KQR-KQR} 26. Rd1 Qa3 27. Qe2 g6 28. Kg2 h5 29. h4 a5 30. Rd5 Qb4
31. Qd2 Re8 32. Qxb4 axb4 {KR-KR} 33. Kf3 Kg7 34. Rd4 Ra8 35. Rd2 (35. Rxb4
$142 Rxa2 36. Rb6) 35... Kf6 36. Ke3 Ke5 37. Kd3 Rd8+ 38. Kc2 Rc8+ ({Better is
} 38... Ra8 $14 39. Re2+ Kd4) 39. Kb2 $1 $18 f6 (39... f5 $16 {was called for.}
) 40. Rc2 $1 {[%cal Rc2c8]} Rb8 41. Rc4 ({White should play} 41. a4) 41... Kd5
42. a4 bxa3+ 43. Kxa3 Re8 44. Kb2 (44. Rc2 $1 $16) 44... g5 $11 45. Kc3 Re2 46.
Rd4+ Kc6 47. Rd2 Re4 48. Kd3 Rb4 49. Kc3 Re4 50. hxg5 fxg5 51. Kd3 Rb4 52. Rc2+
Kd5 53. Kc3 Re4 54. Ra2 {Black must now prevent Ra5+.} Rg4 55. Ra5+ Kd6 56.
Ra6+ Kd5 57. Rg6 Ke5 $2 {[%mdl 8192] [#]} (57... Ke4 $11) 58. b4 $2 (58. Rxg5+
$1 $18 {[%mdl 512]} Ke6 (58... Kd6 59. Rxg4) 59. Rxg4 hxg4 60. Kd4) 58... Kf5
$1 {[%cal Rf5g6]} 59. Rg8 {And now b5 would win.} (59. Rd6 {is interesting.} h4
60. Rd3 Re4 61. gxh4 gxh4 62. b5) 59... h4 60. gxh4 (60. Rf8+ {with more
complications.} Ke6 61. Re8+ Kd5 62. Rd8+ Kc6 63. Rd3) 60... gxh4 61. Rh8 {
aiming for b5.} Ke5 62. b5 {[%cal Bb4b5,Bb5b6][%mdl 32] Strongly threatening
b6.} Kd6 63. b6 {White wants to mate with b7.} Kc6 64. Rh6+ Kb7 $2 {[%mdl 8192]
} (64... Kc5 $11) 65. Kd3 $18 Ra4 66. f3 Rb4 67. Ke3 Rxb6 68. Rxb6+ {White
mates.} Kxb6 {[#]} 69. Kf4 $1 Kc5 70. Kg4 {Weighted Error Value: White=0.24/
Black=0.19} 1-0

[Event "Aimchess US Rapid Prelims 2021"]
[Site "Chess24"]
[Date "2021.08.25"]
[Round "4.5"]
[White "Hansen, Eric"]
[Black "Aronian, Levon"]
[Result "0-1"]
[WhiteElo "2606"]
[BlackElo "2782"]
[Annotator "TA"]
[PlyCount "56"]
[EventDate "2021.08.28"]
[EventType "tourn"]
[EventCountry "NET"]
[Tiebreak "Direct encounter+Number of wins+Koya"]
[SourceTitle "playchess.com"]
[Source "ChessBase"]
[SourceQuality "1"]

{[%evp 21,56,0,7,4,10,0,0,0,0,-44,0,0,0,0,0,0,0,-10,-26,-110,15,22,16,12,122,
126,93,120,117,93,226,0,0,0,0,-585,-588]} 1. e4 e5 2. Nf3 Nc6 3. Bc4 Bc5 4. c3
Nf6 5. d3 O-O 6. O-O d5 7. exd5 Nxd5 8. Re1 Bg4 9. h3 Bh5 10. Nbd2 {[%cal
Bb1d2,Bd2e4,Be4g3][%mdl 32]} Nb6 11. Bb5 {11.Bb3 injects fresh life into this
line.} Bd6 12. Ne4 {C55: Two Knights: 4 d3, 4 d4 exd4 5 e5 and Max Lange
Attack.} f5 {12...Re8 is vanishing.} 13. Ng3 Bxf3 14. Qxf3 {The position is
equal.} Qd7 $1 15. d4 {[#] Hoping for d5.} Nxd4 $146 (15... e4 {seems wilder.}
16. Qd1 a6 17. Be2 Rae8 18. Qb3+ Kh8) ({Predecessor:} 15... exd4 16. Bxc6 {
1/2-1/2 (16) Smirin,I (2676)-Melkumyan,H (2640) Warsaw 2016}) 16. cxd4 Qxb5 17.
dxe5 Bxe5 18. a4 $36 {[%mdl 2048] White is pushing.} Qc5 19. a5 Nc4 {[%csl
LRa5,LRb2]} 20. Qb3 {[#]} (20. Bg5 $11) 20... Rae8 (20... Kh8 $1 $17 {aiming
for ...Rae8.} 21. Qc2 b5 22. axb6 cxb6) 21. Be3 $11 Qd5 {Threatens to win with
...f4.} 22. Bxa7 Bxb2 (22... g6 $11 {keeps the balance.}) 23. Red1 $16 Qf7 24.
Ra4 f4 {[#]} 25. Nf1 Re4 (25... Nxa5 $16 26. Qxb2 b6) 26. f3 $2 ({White should
play} 26. Bc5 $18 Nd6 27. Qxf7+ Kxf7 28. Rxe4 Nxe4 29. Bxf8 Kxf8 30. Rb1) 26...
Ne3 $1 $11 27. Qxf7+ Kxf7 28. Nxe3 $4 {[%mdl 8192]} (28. Rxe4 $11 Nxd1 29.
Rxf4+ Kg8 30. Rc4) 28... Rxa4 {Weighted Error Value: White=0.61/Black=0.47} 0-1

[Event "Aimchess US Rapid Prelims 2021"]
[Site "Chess24"]
[Date "2021.08.25"]
[Round "4.6"]
[White "Vachier-Lagrave, Maxime"]
[Black "Liang, Awonder"]
[Result "1-0"]
[WhiteElo "2751"]
[BlackElo "2587"]
[Annotator "TA"]
[PlyCount "95"]
[EventDate "2021.08.28"]
[EventType "tourn"]
[EventCountry "NET"]
[Tiebreak "Direct encounter+Number of wins+Koya"]
[SourceTitle "playchess.com"]
[Source "ChessBase"]
[SourceQuality "1"]

{[%evp 11,95,18,31,29,37,15,54,55,56,60,60,55,61,62,56,58,63,65,68,60,56,19,29,
20,39,6,68,52,64,6,5,2,10,0,0,0,0,0,0,0,0,0,0,0,0,0,0,0,0,0,0,0,107,107,107,
104,99,108,219,190,429,413,430,425,406,361,374,383,408,402,747,711,698,626,969,
826,998,984,12831,11662,2976,2950,12841,12838,12844,12844]} 1. e4 {Sumets,A} c6
2. d4 d5 3. e5 Bf5 4. Nf3 e6 5. Be2 Ne7 6. O-O Bg6 {6...h6 is a critical line.}
7. c3 {B12: Caro-Kann: Advance Variation.} Nd7 8. a4 $5 {[%cal Ba2a4,Ba4a5]
[%mdl 4] Exploring less charted territory.} Nf5 9. a5 {White is slightly
better.} a6 10. b4 f6 11. Bf4 fxe5 {[#]} 12. Nxe5 $146 ({Predecessor:} 12. dxe5
Be7 13. g4 Nh4 14. Nd4 Bf7 15. Bg3 h5 16. gxh5 Qc7 17. Bg4 Rh6 18. f4 {1-0 (31)
Caruana,F (2808)-Bareev,E (2675) Baku 2016 CBM 175 [Sumets,A]}) 12... Nxe5 13.
Bxe5 Bd6 14. Bxd6 Nxd6 15. Nd2 O-O 16. Bg4 Bf5 17. Qe2 Qg5 18. Bxf5 Qxf5 (18...
exf5 $11 19. Nf3 Qf6) 19. Rae1 $14 Rae8 20. Nb3 (20. Nf3 $14) 20... Nb5 $1 $11
21. Qd2 e5 22. dxe5 Rxe5 23. Nd4 Nxd4 24. cxd4 Ree8 25. f3 Qg6 26. Re5 Rxe5 27.
dxe5 {[%mdl 4096] Endgame KQR-KQR} Qf5 28. f4 g5 {[%cal Rg5f4]} 29. g3 h5 30.
Qe2 gxf4 31. Rxf4 Qb1+ {[#]} (31... Qg6 $11 32. Qf2 Rxf4 33. Qxf4 Qc2) 32. Qf1
$1 $16 {White leaves nothing to chance now.} Qxf1+ 33. Kxf1 {KR-KR} Re8 34. Rf5
Kg7 (34... b6 $16) 35. Rxh5 $18 Kg6 $2 (35... b6 {was necessary.} 36. Rf5 (36.
axb6 Rb8 $16) 36... bxa5) 36. g4 Rf8+ {[#]} 37. Kg2 $1 Rf4 38. Kg3 Rxb4 39. Rf5
d4 40. h4 Rb1 (40... d3 $142 41. Rf6+ Kg7) 41. Rf6+ {White is clearly winning.}
Kg7 42. Rd6 Rd1 43. Kf4 c5 44. h5 d3 45. h6+ Kf7 46. g5 {White threatens g6+
and mate.} Rf1+ 47. Ke4 Rg1 48. g6+ {Weighted Error Value: White=0.10/Black=0.
28} 1-0

[Event "Aimchess US Rapid Prelims 2021"]
[Site "Chess24"]
[Date "2021.08.25"]
[Round "4.7"]
[White "Dominguez Perez, Leinier"]
[Black "Giri, Anish"]
[Result "1/2-1/2"]
[WhiteElo "2758"]
[BlackElo "2776"]
[Annotator "TA"]
[PlyCount "86"]
[EventDate "2021.08.28"]
[EventType "tourn"]
[EventCountry "NET"]
[Tiebreak "Direct encounter+Number of wins+Koya"]
[SourceTitle "playchess.com"]
[Source "ChessBase"]
[SourceQuality "1"]

{[%evp 17,86,14,12,0,0,-8,0,0,0,0,31,29,20,18,20,19,21,11,9,17,25,12,14,-7,-6,
-13,-10,-10,0,0,5,5,4,0,17,15,56,66,58,31,31,29,39,39,37,0,0,0,0,0,0,0,0,0,0,0,
10,0,0,0,0,0,0,0,0,0,0,0,0,0,0]} 1. e4 c5 2. Nf3 d6 3. d4 cxd4 4. Nxd4 Nf6 5.
Nc3 a6 6. Be3 e5 7. Nf3 Be7 8. Bc4 O-O 9. O-O Nc6 10. Re1 {B90: Sicilian
Najdorf: Unusual White 6th moves, 6 Be3 Ng4 and 6 Be3 e5.} Be6 {Nowadays more
popular than 10...b5.} 11. Bf1 {[#]} d5 $146 ({Predecessor:} 11... Rb8 12. a3
b5 13. Bg5 Ng4 14. Bc1 Qb6 15. Qd2 Na5 16. b3 Rfc8 17. Bb2 Nf6 {0-1 (42)
Stanitz,A (2087)-Castro,F (2271) ICCF email 2015}) 12. exd5 Nxd5 13. Nxd5 Qxd5
14. Qxd5 Bxd5 15. Rad1 Be6 16. Ng5 Bf5 17. c3 h6 18. Nf3 Be6 19. Bb6 f6 20. Nd4
Bxa2 21. Nxc6 bxc6 22. Rd7 Rf7 23. Ra1 Bf8 24. Rxf7 Bxf7 25. b4 Be6 26. Bxa6
Be7 27. Ra5 {Threatens to win with Bc4!} Kf8 28. Bb7 Rb8 29. Ra7 {Strongly
threatening Bc7.} Bc8 30. Bxc8 Rxc8 $14 {[%mdl 4096] Endgame KRB-KRB} 31. Rb7
Ra8 {[%cal Ra8a1] [#]The position is equal.} 32. Ba7 Rd8 {[%cal Rd8d1]} 33. Kf1
Rd3 34. c4 Rb3 35. b5 cxb5 36. cxb5 Rb2 37. g4 g6 38. Be3 Ke8 39. b6 f5 40.
gxf5 gxf5 41. f4 exf4 42. Bxf4 Bc5 {[#] aiming for ...Rf2+.} 43. Bxh6 Rxb6 {
Weighted Error Value: White=0.03/Black=0.03} 1/2-1/2

[Event "Aimchess US Rapid Prelims 2021"]
[Site "Chess24"]
[Date "2021.08.25"]
[Round "4.8"]
[White "Mamedyarov, Shakhriyar"]
[Black "Artemiev, Vladislav"]
[Result "1/2-1/2"]
[WhiteElo "2782"]
[BlackElo "2704"]
[Annotator "TA"]
[PlyCount "86"]
[EventDate "2021.08.28"]
[EventType "tourn"]
[EventCountry "NET"]
[Tiebreak "Direct encounter+Number of wins+Koya"]
[SourceTitle "playchess.com"]
[Source "ChessBase"]
[SourceQuality "1"]

{[%evp 12,86,32,51,27,40,73,29,30,15,6,2,8,1,4,12,21,22,12,7,8,6,12,13,11,0,0,
0,0,0,0,0,0,0,0,-8,-8,-12,-12,-14,0,-22,-22,-41,-46,-61,-11,-10,-8,-8,0,-25,
-22,-26,-26,-41,-34,-27,-8,-48,-41,-52,-8,-74,-72,-79,-22,-15,-14,-8,-8,-33,0,
0,0,-38,0]} 1. d4 d5 2. c4 e6 3. Nc3 c5 4. cxd5 exd5 5. Nf3 Nc6 6. dxc5 d4 7.
Na4 Bxc5 {[%mdl 64] [#] Decoy. D32: Tarrasch Defence: Sidelines and lines
without g3.} 8. Nxc5 {Threatens to win with Nb3.} Qa5+ 9. Bd2 $1 {The main
line 9.Bd2 scores better than 9.Qd2.} Qxc5 {White has an edge.} 10. e3 dxe3 11.
Bxe3 Qb4+ 12. Qd2 Qxd2+ 13. Nxd2 Nf6 {[#]} 14. Bb5 $146 ({Predecessor:} 14. Bc4
O-O 15. O-O Ne5 16. Bb3 Bf5 17. Bd4 Nd3 18. Nc4 Rfd8 19. Ne3 Bg6 20. Bxf6 gxf6
{1-0 (63) Dreev,A (2770)-Tay,J (2400) Chess.com INT 2020}) 14... O-O 15. Bxc6
bxc6 16. O-O Nd5 17. Rfc1 Rd8 18. Nb3 Nxe3 19. fxe3 Rb8 20. Rc2 Bf5 21. Rf2 Be4
22. Nc5 Re8 23. b3 Bg6 24. Re2 Bh5 25. Ree1 Rbd8 26. Rac1 Rd2 27. a4 Re5 {
aiming for ...Rg5!} 28. h3 f6 (28... Rg5 $5 29. g4 Bg6 $15) 29. b4 h6 30. a5
Ra2 31. g4 Bg6 32. Rcd1 h5 33. Rd4 hxg4 34. hxg4 Rb2 35. Na4 Rc2 36. Nc5 Kh7
37. Kf1 {[#]} (37. Nd7 $1 $11 Re8 38. Nc5) 37... Bf7 $1 $17 38. Kg1 Rg5 (38...
Kh6 $17) 39. Rf1 $11 Bd5 40. Rf2 Rc1+ 41. Rf1 Rc2 {( -> ...Rg2+)} (41... Rc3 $5
{[%cal Rc3e3]} 42. Kf2 Rg6 $15) 42. Rf2 Rc1+ 43. Rf1 Rc2 {Weighted Error Value:
White=0.09/Black=0.08} (43... Rc3 $5 {[%cal Rc3e3]} 44. Kf2 Rg6 $15) 1/2-1/2

[Event "Aimchess US Rapid Prelims 2021"]
[Site "Chess24"]
[Date "2021.08.25"]
[Round "5.1"]
[White "Artemiev, Vladislav"]
[Black "Duda, Jan-Krzysztof"]
[Result "1/2-1/2"]
[WhiteElo "2704"]
[BlackElo "2738"]
[Annotator "TA"]
[PlyCount "117"]
[EventDate "2021.08.28"]
[EventType "tourn"]
[EventCountry "NET"]
[Tiebreak "Direct encounter+Number of wins+Koya"]
[SourceTitle "playchess.com"]
[Source "ChessBase"]
[SourceQuality "1"]

{[%evp 16,117,20,20,25,25,30,0,0,0,0,0,0,4,13,0,0,0,9,8,12,4,17,10,15,16,16,19,
19,14,13,18,27,10,36,27,27,4,2,0,0,0,0,0,0,0,0,0,0,0,0,0,0,-16,0,0,0,-8,-8,-9,
-8,-8,0,0,0,0,0,0,0,0,0,0,0,0,0,0,0,0,0,0,0,0,0,-8,0,0,0,0,0,0,0,0,0,0,0,0,0,0,
0,0,0,0,0,0]} 1. Nf3 Nf6 2. c4 g6 3. b3 Bg7 4. Bb2 O-O 5. g3 b6 6. Bg2 Bb7 7.
O-O c5 8. d4 cxd4 9. Qxd4 d6 {A30: Symmetrical English: Double Fianchetto and
Hedgehog.} 10. Rd1 Nbd7 11. Qc3 Rc8 12. Qe1 a6 13. Nc3 Ne4 14. Rac1 {[#]} Ndc5
$146 ({Predecessor:} 14... Nxc3 15. Bxc3 Bxc3 16. Rxc3 Nf6 17. Rcd3 Qc7 18. Qd2
Qb8 19. Qh6 Rc5 20. h3 b5 21. cxb5 Bxf3 22. Rxf3 Qxb5 {1-0 (77) Travadon,L 
(2421)-Livaic,L (2507) Chess.com INT 2020}) 15. Nd4 Nxc3 16. Bxc3 Bxg2 17. Kxg2
Qd7 18. Nc2 Qb7+ 19. f3 Bxc3 20. Qxc3 b5 21. Ne3 Nd7 22. Qd2 Nf6 23. Rc2 Rc5
24. cxb5 axb5 25. Rxc5 dxc5 26. Rc1 Rc8 {The position is equal.} 27. a4 c4 28.
axb5 (28. Rc3 {feels hotter.} bxa4 29. bxa4 Qa7 30. Qd1 Ra8 31. Kf2) 28... cxb3
29. Rxc8+ Qxc8 30. Qb2 Qe6 31. Kf2 Nd7 32. Qd4 Nb6 33. Nd1 Nc4 34. e4 (34. Ke1
{with more complications.} h5 35. Qd8+ Kg7 36. Qd4+ f6 37. Qc3) 34... f6 35.
Ke2 Kf7 36. Qd5 Qxd5 37. exd5 $11 {[%mdl 4096] Endgame KN-KN} Ke8 {And now ...
b2 would win.} 38. Kd3 {[#]} b2 $1 39. Kc2 Na3+ 40. Kxb2 Nxb5 41. f4 $1 Kd7 42.
Kb3 $1 Nd4+ 43. Kc4 Nf3 44. h4 Nd2+ 45. Kd3 Nf1 46. g4 Kd6 47. Ke2 Nh2 48. Ne3
Kc5 49. g5 fxg5 50. hxg5 ({Don't play} 50. fxg5 Kd4 $17) 50... Kd4 {[#] ...Ke4
is the strong threat.} 51. f5 $1 {[%cal Rf5f6]} Ke5 52. f6 exf6 53. gxf6 Kxf6
54. Kf2 {Hoping for Kg2.} h5 55. Kg3 Ng4 56. Nxg4+ hxg4 57. Kxg4 Ke5 58. Kg5
Kxd5 59. Kxg6 {Not much happened in this game.  Weighted Error Value: White=0.
03/Black=0.02} 1/2-1/2

[Event "Aimchess US Rapid Prelims 2021"]
[Site "Chess24"]
[Date "2021.08.25"]
[Round "5.2"]
[White "Giri, Anish"]
[Black "Mamedyarov, Shakhriyar"]
[Result "1/2-1/2"]
[WhiteElo "2776"]
[BlackElo "2782"]
[Annotator "TA"]
[PlyCount "96"]
[EventDate "2021.08.28"]
[EventType "tourn"]
[EventCountry "NET"]
[Tiebreak "Direct encounter+Number of wins+Koya"]
[SourceTitle "playchess.com"]
[Source "ChessBase"]
[SourceQuality "1"]

{[%evp 15,96,29,27,31,41,22,27,23,27,32,31,27,53,51,59,27,93,79,114,107,116,64,
60,60,64,60,60,49,52,47,64,72,62,64,64,37,55,45,62,26,25,28,43,44,211,66,66,43,
53,0,68,22,27,0,1,0,28,0,1,2,2,0,68,0,0,0,0,0,0,0,0,0,0,0,0,0,0,0,0,0,0,0,0]} 
1. d4 d5 2. Nf3 Nf6 3. c4 dxc4 4. e3 e6 5. Bxc4 c5 6. O-O a6 7. dxc5 {7.e4 is
a critical line.} Bxc5 8. Qxd8+ Kxd8 9. Be2 {D27: Queen's Gambit Accepted:
Classical main line: 7 e4!? and 7 a4.} Ke7 10. Nc3 b5 11. Nd2 {White has an
edge.} Bb7 12. Nb3 Bd6 13. Na5 {[#]} Bc8 $146 ({Predecessor:} 13... Ra7 14.
Nxb7 Rxb7 15. Bd2 Rd8 16. Rfd1 Rbd7 17. Be1 g5 18. h3 h5 19. Kf1 Be5 {1/2-1/2 
(43) Harikrishna,P (2719)-Anton Guijarro,D (2703) Biel 2020}) 14. Bd2 Rd8 15.
Rfd1 {Hoping for a4.} Ra7 (15... Bc7 $11 16. Bf3 Ra7) 16. a4 $16 bxa4 17. Nxa4
Bd7 18. Nc4 (18. Bc3 $16 Bb5 19. Bf3) 18... Bb5 $14 19. Ba5 Bc7 {[%cal Rc7a5] .
..Bxa5 is the strong threat.} 20. Bb4+ Ke8 {Strongly threatening ...Rxd1+.} 21.
Rxd8+ Kxd8 22. Bc5 Rb7 23. Bf8 Bxa4 24. Rxa4 g6 25. g3 a5 26. Kg2 Nc6 27. Bf3 (
27. Bg7 $5 {[%cal Rg7f6]} Ne8 28. Bc3 $16) 27... Nd5 28. Ra1 Ke8 29. Bd6 Bd8 $2
{[#]} (29... Kd7 $14) 30. Rd1 (30. Bd1 $1 $18) 30... Rb5 31. Rd2 {aiming for
Bd1.} Be7 $1 32. Rd1 ({Better is} 32. Bd1 $14 Nb6 {[#]} 33. Bf3 $1) 32... Ncb4
(32... Bd8 $11) 33. Ra1 Nc6 34. Bd1 {Threatens to win with Ba4.} Nb6 35. Bf3
Nd5 36. Bd1 {And now Ba4 would win.} Nb6 37. Nxb6 Rxb6 38. Bc7 Rb7 (38... Rxb2
$11 39. Ba4 Kf8) 39. Bxa5 (39. Bf4 $1 $14 Kd8 40. Ba4) 39... Nxa5 $11 {The
position is equal.} 40. Rxa5 Rxb2 $14 {[%mdl 4096] Endgame KRB-KRB} 41. Ra8+
Bd8 42. Ba4+ Ke7 43. Rc8 h5 44. h4 Ra2 45. Bb3 Rb2 46. Ba4 Ra2 47. Bb3 Rb2 48.
Ba4 Ra2 {Weighted Error Value: White=0.16/Black=0.19} 1/2-1/2

[Event "Aimchess US Rapid Prelims 2021"]
[Site "Chess24"]
[Date "2021.08.25"]
[Round "5.3"]
[White "Liang, Awonder"]
[Black "Dominguez Perez, Leinier"]
[Result "0-1"]
[WhiteElo "2587"]
[BlackElo "2758"]
[Annotator "TA"]
[PlyCount "124"]
[EventDate "2021.08.28"]
[EventType "tourn"]
[EventCountry "NET"]
[Tiebreak "Direct encounter+Number of wins+Koya"]
[SourceTitle "playchess.com"]
[Source "ChessBase"]
[SourceQuality "1"]

{[%evp 12,124,-26,-29,-15,-18,0,0,0,-8,-15,-16,-5,-14,-18,-31,-20,-40,-45,-31,
-33,-29,-19,-13,0,-8,-10,-7,-16,-14,0,-18,0,0,0,-34,-23,-39,-36,-77,-14,-29,
-20,-90,-101,-100,22,47,45,-20,-20,-17,-18,-14,-20,-36,-35,-33,-16,-31,-12,-11,
-11,-17,-8,-15,-21,-12,-18,-21,-8,-15,-14,-18,-8,-8,-8,-11,-11,-11,-11,-11,
1431,-11,-11,-11,-11,-11,-11,-11,-12,-1277,-1309,-6139,-5339,-5073,-4631,
-29981,-29982,-29982,-29983,-29983,-29984,-29985,-29986,-29986,-29986,-29986,
-29987,-29989,-29990,-29995,-29996,-29996,-29997]} 1. Nf3 Nf6 2. g3 c5 3. Bg2
Nc6 4. d3 d5 5. O-O e5 6. e4 d4 7. a4 Be7 {A08: King's Indian Attack.} 8. Na3
Bg4 9. h3 Bh5 {The position is equal.} 10. Qe1 Nd7 11. Nh2 O-O 12. h4 {
Threatening g4.} f6 13. Bh3 Kh8 {[#]} 14. Bg4 $146 ({Predecessor:} 14. Bd2 Rb8
15. Qb1 a6 16. a5 b5 17. axb6 Nxb6 18. Qa2 Nb4 19. Bxb4 cxb4 20. Nc4 {1-0 (51)
Nenezic,M (2490)-Brenjo,S (2436) Ruma 2017}) 14... Bxg4 15. Nxg4 a6 16. Bd2 b6
17. Qe2 Rb8 18. Nh2 b5 19. axb5 axb5 20. h5 Qe8 21. Qg4 f5 22. exf5 Nf6 23. Qh3
(23. Qf3 {seems wilder.} Nxh5 24. g4 Nf6 25. Qh3 Qf7 26. Rfe1) 23... Qxh5 24.
Qg2 Qe8 25. Rae1 Qd7 (25... c4 $1 $17 26. f4 c3 27. bxc3 e4) 26. g4 $1 $11 c4
27. Nf3 (27. dxc4 $11 Bxa3 28. cxb5 Rxb5 29. bxa3) 27... c3 $1 $17 {[%cal
Rc3d2]} 28. Bc1 Bxa3 ({Black should try} 28... Ra8 $17 29. Nxb5 Ra5 30. Nxc3
dxc3 31. bxc3 Ra2) 29. bxa3 $11 Rbe8 30. g5 (30. Qh3 $14) 30... Nd5 31. Nh4
Nde7 $36 {[%mdl 2048] Black has some pressure.} 32. Qh3 Kg8 33. f4 g6 (33...
Ng6 {with more complications.} 34. fxe5 Rxe5 35. Rxe5 Ncxe5 36. Qg3 Nxh4 37.
Qxh4 Rxf5 38. Qe4 Rxf1+ 39. Kxf1 Ng6) 34. fxe5 Nxf5 35. Nxf5 Rxf5 36. Rxf5 Qxf5
37. Qxf5 gxf5 $15 {[%mdl 4096] Endgame KRB-KRN} 38. Bf4 b4 39. axb4 Nxb4 40.
Re2 Nd5 41. Bh2 Kf7 42. Kf2 Ke6 43. Kf3 Rg8 44. Bf4 Nxf4 45. Kxf4 $11 {aiming
for Rh2. KR-KR} h6 46. gxh6 {Black must now prevent Rh2.} Rg4+ 47. Kf3 {
Hoping for Rh2.} Rh4 48. Kg3 Rxh6 {Threatens to win with ...Rh1.} 49. Re1 Rg6+
50. Kf3 Rg4 51. Re2 $2 {[%mdl 8192]} (51. Ra1 $11) 51... Rg1 $19 52. Kf2 Rd1 $1
{[%cal Rd1d2]} 53. Kf3 Rd2 $1 {[%cal Rd2e2]} 54. Rxd2 cxd2 {K3P-K3P. Black
mates.} 55. Ke2 f4 56. Kxd2 {[#] K3P-KPP} f3 $1 57. Ke1 Kxe5 58. Kf1 Kf4 59.
Kf2 Kg4 60. Kf1 Kg3 61. Kg1 {[#]} f2+ $1 62. Kf1 Kf3 {Weighted Error Value:
White=0.48/Black=0.10} 0-1